|
|
|
|
| LEADER |
00000naa2a2200000 4500 |
| 001 |
218641 |
| 005 |
20231221151248.0 |
| 035 |
|
|
|a (RuTPU)RU\TPU\book\238671
|
| 090 |
|
|
|a 218641
|
| 100 |
|
|
|a 20120624d2007 k y0rusy50 ca
|
| 101 |
0 |
|
|a rus
|
| 102 |
|
|
|a RU
|
| 200 |
1 |
|
|a Использование компьютерного моделирования при исследовании способа компенсации действия вибрации на гиромаятник
|f Е. С. Бочкарёва, В. С. Иванова
|
| 320 |
|
|
|a Библиогр.: 1 назв.
|
| 461 |
|
0 |
|0 (RuTPU)RU\TPU\book\136926
|t Современные техника и технологии
|o 13-я Международная научно-практическая конференция студентов, аспирантов и молодых ученых, г. Томск, 26-30 марта 2007 г.
|o труды в 3 т.
|f Томский политехнический университет (ТПУ)
|d 2007
|
| 463 |
|
0 |
|0 (RuTPU)RU\TPU\book\168908
|t Т. 1
|v С. 150-151
|d 2007
|p 547 с.
|
| 610 |
1 |
|
|a компьютерное моделирование
|
| 610 |
1 |
|
|a вибрация
|
| 610 |
1 |
|
|a гиромаятники
|
| 610 |
1 |
|
|a уравнения
|
| 610 |
1 |
|
|a зависимости
|
| 610 |
1 |
|
|a исследование
|
| 610 |
1 |
|
|a графики
|
| 610 |
1 |
|
|a труды учёных ТПУ
|
| 700 |
|
1 |
|a Бочкарёва
|b Е. С.
|
| 701 |
|
1 |
|a Иванова
|b В. С.
|c специалист в области приборостроения
|c доцент Томского политехнического университета, ведущий эксперт, кандидат технических наук
|f 1977-
|g Вероника Сергеевна
|3 (RuTPU)RU\TPU\pers\24509
|9 10828
|
| 801 |
|
1 |
|a RU
|b 63413507
|c 20120624
|
| 801 |
|
2 |
|a RU
|b 63413507
|c 20140225
|g RCR
|
| 942 |
|
|
|c BK
|